Statistics for Disney World Attraction by Song

Click here to take the quiz!

General Stats

  • This quiz has been taken 131 times
  • The average score is 9 of 15

Answer Stats

SongAttraction% Correct
Yo Ho, Yo Ho! A _____'s Life for MePirates of the Carribean
94%
Grim Grinning GhostsHaunted Mansion
93%
Heigh-HoSeven Dwarfs Mine Train
83%
There's A Great Big Beautiful TomorrowWalt Disney's Carousel of Progess
75%
Ev'rybody's Got a Laughin' PlaceSplash Mountain
70%
Under the SeaUnder the Sea - Journey of the Little Mermaid
70%
Heffalumps and WoozlesThe Many Adventures of Winnie-the-Pooh
58%
Let's All Sing Like the Birdies SingWalt Disney's Enchanted Tiki Room
58%
Big Blue WorldThe Seas with Nemo and Friends
53%
Let It GoFrozen Ever After
50%
One Little SparkJourney Into Imagination
46%
Love in an Elevator and Walk This WayRock 'n' Roller Coaster
46%
The Three CaballerosGran Fiesta Tour
43%
Blood on the Saddle and My Woman Ain't PrettyCountry Bear Jamboree
28%
Be Our Guest and A Whole New WorldMickey's PhillarMagic
6%

Score Distribution

Percentile by Number Answered

Percent of People with Each Score

Your Score History

You have not taken this quiz